| 000 | 00760cam a2200241 a 4500 | ||
|---|---|---|---|
| 001 | 000003809 | ||
| 005 | 20200929150558.0 | ||
| 008 | 921014s1995 ag 000 1 spa | ||
| 020 | _a9501515532 | ||
| 040 |
_aDO-SdBNP _bspa _cBNPHU |
||
| 082 |
_a813.54 _bB636u |
||
| 100 | 1 |
_aBlake, Jennifer, _d1942- _911556 |
|
| 240 | 1 | 0 |
_aArrow to the heart. _lEspañol |
| 245 | 1 | 0 |
_aUna flecha al corazón / _cJennifer Blake ; traducción, Ana Mazía. |
| 260 |
_aBuenos Aires : _bJavier Vergara, _c1995. |
||
| 300 |
_a309 p. ; _c23 cm. |
||
| 534 |
_pTítulo original : _tArrow to the heart |
||
| 650 | 4 |
_aNovela estadounidense _9262 |
|
| 650 | 4 |
_aLiteratura estadounidense _9263 |
|
| 700 | 1 |
_aMazía, Ana, _etr. _911117 |
|
| 910 | _aCatalogación derivada | ||
| 910 | _aWM | ||
| 999 |
_c3631 _d3631 |
||